Fragments of the Afghan frontier
Saved in:
| Main Author: | |
|---|---|
| Other Authors: | |
| Format: | Book |
| Language: | English |
| Published: |
London :
Hurst & Company,
2011.
|
| Subjects: | |
| Tags: |
Add Tag
No Tags, Be the first to tag this record!
|
MARC
| LEADER | 00000cam a2200000 a 4500 | ||
|---|---|---|---|
| 001 | 1/120236 | ||
| 008 | 191031s2011####enk||||||| |||| ||eng|| | ||
| 020 | |a 9781849040723 | ||
| 040 | |a GR-MyUa |b gre |c GR-MyUa |e AACR2 | ||
| 041 | 0 | |a eng | |
| 082 | 7 | |a 958.1 |2 (23) | |
| 100 | 1 | |a Marsden, Magnus. | |
| 245 | 1 | 0 | |a Fragments of the Afghan frontier / |c Magnus Marsden , Benjamin D. Hopkins. |
| 260 | |a London : |b Hurst & Company, |c 2011. | ||
| 300 | |a 301 σ. ; |c 22 εκ. | ||
| 651 | 0 | |a Afghanistan |x History. | |
| 651 | 0 | |a Afghanistan |x Civilization. | |
| 700 | 1 | |a Hopkins, Benjamin D. | |
| 852 | |a INST |b LESVOS |e 20191031 |h 958.1 MAR |p 005100063058 |q 005100063058 |t BK |y 0 | ||
| 920 | |a ΠΜΣ Κοινωνική και Ιστορική Ανθρωπολογία |y Λέσβος |z 2019-10 | ||
| 970 | |a Δημάκη |b Μαρία |z 31-10-2019 | ||